书目信息 |
| 题名: |
俄罗斯强者之声
|
|
| 作者: | 张素月 , 张焰 , 李馨培 编著 | |
| 分册: | ||
| 出版信息: | 北京 中国宇航出版社 2016 |
|
| 页数: | X, 315页 | |
| 开本: | 24cm | |
| 丛书名: | ||
| 单 册: | ||
| 中图分类: | H359.4:I512.65 | |
| 科图分类: | ||
| 主题词: | 演讲--yan jiang--演讲集--俄罗斯--现代--俄语--汉语--对照读物 | |
| 电子资源: | ||
| ISBN: | 978-7-5159-0996-7 | |
| 000 | 01058nam0 22002651 450 | |
| 001 | 1752549828 | |
| 005 | 20170602161243.0 | |
| 010 | @a978-7-5159-0996-7@dCNY39.80 | |
| 100 | @a20151130d2016 em y0chiy50 ea | |
| 101 | 0 | @achi@arus |
| 102 | @aCN@b110000 | |
| 105 | @aa z 000hy | |
| 106 | @ar | |
| 200 | 1 | @a俄罗斯强者之声@Ae luo si qiang zhe zhi sheng@e普京 梅德韦杰夫 叶利钦演讲大全集@f张素月, 张焰, 李馨培编著 |
| 210 | @a北京@c中国宇航出版社@d2016 | |
| 215 | @aX, 315页@c图@d24cm | |
| 330 | @a本书收录了普京、梅德韦杰夫、叶利钦三位总统在俄罗斯或世界其他重大场合发表的21篇演讲或演讲节选, 内容涉及政治、经济、文化、外交等各个领域。 | |
| 517 | 1 | @a普京 梅德韦杰夫 叶利钦演讲大全集@Apu jing mei de wei jie fu ye li qin yan jiang da quan ji |
| 606 | 0 | @a演讲@Ayan jiang@j演讲集@y俄罗斯@z现代@x俄语@x汉语@j对照读物 |
| 690 | @aH359.4:I512.65@v5 | |
| 701 | 0 | @a张素月@Azhang su yue@4编著 |
| 701 | 0 | @a张焰@Azhang yan@4编著 |
| 701 | 0 | @a李馨培@Ali xin pei@4编著 |
| 801 | 0 | @aCN@bTANG WEI@c20170531 |
| 905 | @b0971328-32@dH359.4:I512.65@e274@f5 | |
| 俄罗斯强者之声:普京 梅德韦杰夫 叶利钦演讲大全集/张素月, 张焰, 李馨培编著.-北京:中国宇航出版社,2016 |
| X, 315页:图;24cm |
| ISBN 978-7-5159-0996-7:CNY39.80 |
| 本书收录了普京、梅德韦杰夫、叶利钦三位总统在俄罗斯或世界其他重大场合发表的21篇演讲或演讲节选, 内容涉及政治、经济、文化、外交等各个领域。 |
| ● |
| 相关链接 |
|
|
|
|
正题名:俄罗斯强者之声
索取号:H359.4:I512.65/274
 
预约/预借
| 序号 | 登录号 | 条形码 | 馆藏地/架位号 | 状态 | 备注 |
| 1 | 0971328 | 209713283 | 第二样本阅览室/ [索取号:H359.4:I512.65/274] | 在馆 | |
| 2 | 0971329 | 209713292 | 第四借阅区/ [索取号:H359.4:I512.65/274] | 在馆 | |
| 3 | 0971330 | 209713309 | 第四借阅区/ [索取号:H359.4:I512.65/274] | 在馆 | |
| 4 | 0971331 | 209713318 | 第四借阅区/ [索取号:H359.4:I512.65/274] | 在馆 | |
| 5 | 0971332 | 209713327 | 第四借阅区/ [索取号:H359.4:I512.65/274] | 在馆 |